|
|
|
|
| LEADER |
01016nam a22002412a 4500 |
| 001 |
000443153 |
| 003 |
CZ BrMZK |
| 005 |
19990305143423.0 |
| 008 |
990305s1936 xr f cze d |
| 015 |
|
|
|a cnb000805927
|
| 040 |
|
|
|a BOA001
|b cze
|
| 100 |
1 |
|
|a Hartl, Antonín,
|d 1885-1944
|7 jk01040037
|4 aut
|
| 245 |
1 |
0 |
|a Epilegomena k Hlaváčkovým Žalmům /
|c Antonín Hartl ; (V úpravě Miroslava Kouřila).
|
| 246 |
3 |
2 |
|a Hlaváčkovy Žalmy
|
| 246 |
3 |
|
|a Žalmy Karla Hlaváčka
|
| 260 |
|
|
|a (Praha :
|b Antonín Hartl, t. Legiografie,
|c 1936)
|
| 300 |
|
|
|a 25, [2] s. ;
|c 8°
|
| 500 |
|
|
|a Reference: Sáňka IV,3283. - Soukromý tisk autora v počtu 200 výtisků. - Vevázána původní typogr. obálka
|
| 700 |
1 |
|
|a Kouřil, Miroslav,
|d 1911-1984
|7 jk01062332
|4 ill
|
| 700 |
1 |
|
|a Hlaváček, Karel,
|d 1874-1898
|7 jk01041213
|4 ant
|
| 910 |
|
|
|a BOA001
|b Bf1-0149.991
|
| 990 |
|
|
|a BK
|
| 996 |
6 |
|
|b 2619768240
|c Bf1-0149.991
|l Stud. starých tisků/4.patro
|r Sklad / do násl. otevíracího dne
|n 1
|w 000443153
|u 000010
|a 1
|e BOA001
|j MZK50
|s P
|